LEADER 02047nas--2200481---4500 001 990000389990203316 005 20030210103140.0 035 $a0038999 035 $aUSA010038999 035 $a(ALEPH)000038999USA01 035 $a0038999 100 $a20010404a1994----km-y0ITAy0103----ba 101 $aita 102 $aIT 110 $aajaz---1zz0 200 1 $aRivista dolciniana$eperiodico semestrale$fa cura del Centro studi dolciniano 207 1$aN.1 (gen-giu.1994)- 210 $aNovara$cEdizioni Magia Studio Redazionale$d1994- 215 $av.$cill.$d30 cm 300 $aDal n.22(2002) edizione: Roma : DeriveApprodi 304 $aTit. della cop. 326 $aSemestrale 606 0 $aDolcino $xPeriodici 606 $aApostolici$xPeriodici 676 $a273.6092 712 12$aCentro Studi Dolciniani 801 0$aIT$bsalbc$gISBD 912 $a990000389990203316 958 $aUMA$bPer Fondo$cN. 1 (gen.-giu. 1994)- ; mancano 1995,1997; scompleti 1994,1996,1999. 959 $aSE 969 $aUMA 979 $aANNAPIA$b40$c20010404$lUSA01$h1241 979 $aANNAPIA$b40$c20010404$lUSA01$h1243 979 $aANNAPIA$b40$c20010404$lUSA01$h1243 979 $c20020403$lUSA01$h1647 979 $aANNAPIA$b90$c20030210$lUSA01$h1031 979 $aPATRY$b90$c20040406$lUSA01$h1627 996 $aRivista dolciniana$9875953 997 $aUNISA Z30 2$lUSA50$LAdministrative$mISSBD$1UMA$AUMA$3Fondo$6163329/02$5B3179$820030521$a2002$b2002$c21$f09$FNON Prestabile$hn. 21-22 (2002)$i20020630$j20020730$k20020829 Z30 2$lUSA50$LAdministrative$mISSUE$1UMA$AUMA$3Fondo$596284-60$820030930$a2003$b2003$c24$f09$FNON Prestabile$hn. 24 (2003)$i20031230$j20040129 Z30 2$lUSA50$LAdministrative$mISSUE$1UMA$AUMA$3Fondo$6159741/01$596284-10$820020829$a2001$b2001$c20$f09$FNON Prestabile$hn. 19-20 (2001)$i20011230$j20020129$k20020829 Z30 2$lUSA50$LAdministrative$mISSUE$1UMA$AUMA$3Fondo$6172063$596284-40$820030210$a2003$b2003$c23$f09$FNON Prestabile$hn. 23 (2003)$i20030630$j20030730$k20030930 LEADER 01655nam 2200361Ia 450 001 996389668103316 005 20210104171830.0 035 $a(CKB)4940000000094882 035 $a(EEBO)2240865911 035 $a(OCoLC)ocm69648572e 035 $a(OCoLC)69648572 035 $a(EXLCZ)994940000000094882 100 $a20060530d1655 uy 0 101 0 $aeng 135 $aurbn||||a|bb| 200 14$aThe English school-master$b[electronic resource] $eteaching all his scholars, of what age soever, the most easie, short and perfect order of distinct reading and true writing our English-tongue that hath ever yet beene knowne or published by any : and further also teacheth a direct course how any unskilfull person may easily both understand any hard English words which they shall in the Scriptures, sermons or elsewhere heare or read ... /$fby Edward Coote 210 $aLondon $cPrinted by R. & W. Leybourn for the Company of Stationers$d1655 215 $a[8], 77, [2] p 300 $aFirst ten pages out of order. 300 $a"Perused and approved by publike authority, and now the 26 time imprinted with certaine copies to write by at the end of the booke added." 300 $aReproduction of original in: Peterborough Cathedral. 330 $aeebo-0124 606 $aReaders (Primary)$vEarly works to 1800 606 $aEnglish language$yEarly modern, 1500-1700 615 0$aReaders (Primary) 615 0$aEnglish language 700 $aCoote$b Edmund$ffl. 1597.$01012997 801 0$bUMI 801 1$bUMI 906 $aBOOK 912 $a996389668103316 996 $aThe English school-master$92354066 997 $aUNISA